[Event "SportAccord Basque w 2014"]
[Site "Beijing CHN"]
[Date "2014.12.16"]
[Round "1.1"]
[White "Hou, Yifan"]
[Black "Muzychuk, Anna"]
[Result "1-0"]
[WhiteTitle "GM"]
[BlackTitle "GM"]
[WhiteElo "2673"]
[BlackElo "2545"]
[WhiteFideId "8602980"]
[BlackFideId "14111330"]
[EventDate "2014.12.16"]

1. e4 c5 2. Ne2 Nc6 3. Nbc3 e6 4. g3 d5 5. exd5 exd5 6. Bg2 Nf6 7. d4 Bg4 8. Be3
cxd4 9. Bxd4 Be7 10. O-O O-O 11. h3 Bxe2 12. Nxe2 Nxd4 13. Qxd4 Rc8 14. c3 Bc5
15. Qd3 Qb6 16. Rab1 Rfe8 17. Nf4 Rcd8 18. Nxd5 Nxd5 19. Bxd5 Re5 20. c4 Rde8
21. b4 Be3 22. c5 Qc7 23. fxe3 Rxe3 24. Qf5 Rxg3+ 25. Kh1 Kh8 26. Rbe1 Rd8 27.
Be4 Rg6 28. Qxf7 Qc8 29. Qf5 Qb8 30. Qf4 1-0

[Event "SportAccord Basque w 2014"]
[Site "Beijing CHN"]
[Date "2014.12.16"]
[Round "1.2"]
[White "Muzychuk, Anna"]
[Black "Hou, Yifan"]
[Result "1/2-1/2"]
[WhiteTitle "GM"]
[BlackTitle "GM"]
[WhiteElo "2545"]
[BlackElo "2673"]
[WhiteFideId "14111330"]
[BlackFideId "8602980"]
[EventDate "2014.12.16"]

1. e4 c5 2. Nf3 e6 3. c4 Nc6 4. Be2 Nge7 5. O-O b6 6. Nc3 Bb7 7. d4 Nxd4 8. Nxd4
cxd4 9. Nb5 Nc6 10. Nxd4 Bc5 11. Nxc6 Bxc6 12. Qd3 Qh4 13. Bf3 O-O 14. Be3 Qf6
15. b3 Qe5 16. Bxc5 bxc5 17. Rad1 Rfd8 18. g3 a5 19. Bg2 Qc7 20. Qe3 d6 21. Rd3
a4 22. Rfd1 axb3 23. axb3 Rd7 24. e5 Bxg2 25. Kxg2 Rad8 26. Qe4 d5 27. cxd5 exd5
28. Qf4 h6 29. h4 Qc6 30. Qf3 Qe6 31. Qe3 c4 32. bxc4 dxc4 33. Rd6 Rxd6 34. exd6
Rxd6 35. Qxe6 Rxe6 36. Rd8+ Kh7 37. Rc8 Re4 38. Kf3 f5 39. h5 Rg4 40. Rc5 Rg5
41. Rxc4 Rxh5 42. Rc5 Rg5 43. Kf4 Rg4+ 44. Kf3 Kg6 45. Rc7 Ra4 46. Rb7 Kf6 47.
Rc7 h5 48. Rb7 Ra3+ 49. Kg2 Ra2 50. Rc7 g6 51. Rb7 Kg5 52. Rb6 f4 53. gxf4+ Kf5
54. Kg3 Ra3+ 55. f3 h4+ 56. Kxh4 Rxf3 57. Rb5+ Kxf4 58. Rb4+ Kf5 59. Rb5+ 1/2-1/2

[Event "SportAccord Basque w 2014"]
[Site "Beijing CHN"]
[Date "2014.12.16"]
[Round "1.3"]
[White "Ushenina, Anna"]
[Black "Stefanova, Antoaneta"]
[Result "1-0"]
[WhiteTitle "GM"]
[BlackTitle "GM"]
[WhiteElo "2494"]
[BlackElo "2517"]
[WhiteFideId "14110911"]
[BlackFideId "2902257"]
[EventDate "2014.12.16"]

1. d4 d5 2. Nf3 Nf6 3. c4 c6 4. Qc2 g6 5. cxd5 cxd5 6. Nc3 Bg7 7. Bf4 O-O 8. e3
Nc6 9. Be2 Bf5 10. Qb3 Na5 11. Qb4 a6 12. O-O Re8 13. Rfc1 Bf8 14. Qa4 b5 15.
Qd1 Qb6 16. Ne5 Red8 17. h3 Rac8 18. g4 Be6 19. Bf3 Nc4 20. Nd3 Qa7 21. b3 Nb6
22. Rc2 Ne8 23. Rac1 Nd6 24. Nc5 b4 25. N3a4 Nxa4 26. Nxa4 Rxc2 27. Rxc2 Nb5 28.
Qd2 a5 29. Be2 Nd6 30. Bxd6 exd6 31. Qd3 Bd7 32. Qa6 Qxa6 33. Bxa6 f5 34. Nb6
Be6 35. Bc8 Kf7 36. Rc7+ Be7 37. Bxe6+ Kxe6 38. Ra7 fxg4 39. hxg4 Rb8 40. Na4
Rb5 41. f4 h6 42. Nb2 Bf8 43. Kf2 Be7 44. Kf3 Bf8 45. Nd3 Be7 46. f5+ gxf5 47.
gxf5+ Kf6 48. Nf4 Bd8 49. Kg4 Be7 50. Nh5+ Kf7 51. f6 1-0

[Event "SportAccord Basque w 2014"]
[Site "Beijing CHN"]
[Date "2014.12.16"]
[Round "1.4"]
[White "Stefanova, Antoaneta"]
[Black "Ushenina, Anna"]
[Result "1-0"]
[WhiteTitle "GM"]
[BlackTitle "GM"]
[WhiteElo "2517"]
[BlackElo "2494"]
[WhiteFideId "2902257"]
[BlackFideId "14110911"]
[EventDate "2014.12.16"]

1. Nf3 d5 2. g3 c6 3. Bg2 Bg4 4. d3 Nd7 5. h3 Bh5 6. O-O e5 7. c4 d4 8. e3 dxe3
9. Bxe3 Ngf6 10. Nc3 Be7 11. Qd2 O-O 12. g4 Bg6 13. Rad1 Qc7 14. Nh4 Rad8 15. d4
exd4 16. Bxd4 Nxg4 17. hxg4 Bxh4 18. f4 f6 19. Qe3 Bf7 20. Qh3 g5 21. b3 c5 22.
Nd5 Bxd5 23. Bxd5+ Kg7 24. Bc3 h6 25. Rd3 Nb6 26. Be4 Rxd3 27. Bxd3 Qd6 28. Bc2
Nd7 29. Rd1 Qxf4 30. Rxd7+ Rf7 31. Rxf7+ Kxf7 32. Bd1 Qf2+ 33. Kh1 Bg3 34. Qg2
Qe3 35. Qf3 Qc1 36. Qxf6+ Ke8 37. Qg6+ Kd7 38. Qd3+ Kc6 39. Kg2 Bf4 40. Bf3+ Kc7
41. Bf6 Bd6 42. Qc3 Qf4 43. Qa5+ b6 44. Qxa7+ Kc8 45. Qb7# 1-0

[Event "SportAccord Basque w 2014"]
[Site "Beijing CHN"]
[Date "2014.12.16"]
[Round "1.5"]
[White "Kosintseva, Tatiana"]
[Black "Koneru, Humpy"]
[Result "1-0"]
[WhiteTitle "GM"]
[BlackTitle "GM"]
[WhiteElo "2483"]
[BlackElo "2581"]
[WhiteFideId "4133471"]
[BlackFideId "5008123"]
[EventDate "2014.12.16"]

1. e4 e5 2. Nf3 Nf6 3. Nxe5 d6 4. Nf3 Nxe4 5. Nc3 Nxc3 6. dxc3 Be7 7. Be3 O-O 8.
Qd2 Qe8 9. O-O-O Qa4 10. Kb1 Nc6 11. Nd4 Nxd4 12. cxd4 c5 13. h4 Be6 14. d5 Bf5
15. f3 h5 16. Bd3 Bxd3 17. Qxd3 c4 18. Qf5 Bf6 19. Bc1 Rfe8 20. Qxh5 Re2 21. Rd2
Rae8 22. Rxe2 Rxe2 23. Qf5 Qb5 24. h5 Re5 25. Qc8+ Re8 26. Qc7 Qxd5 27. h6 gxh6
28. Rxh6 Kg7 29. Rh1 c3 30. b3 Rh8 31. Rxh8 Kxh8 32. Qb8+ Kg7 33. Qxa7 Bd4 34.
Qa8 Bf6 35. Qc8 Qd1 36. Qg4+ Kf8 37. a4 d5 38. Qf4 Be7 39. Qb8+ Kg7 40. Qe5+ Bf6
41. Qh5 Be7 42. Qg4+ Kf8 43. Qc8+ Kg7 44. Qxc3+ d4 45. Qd2 Qg1 46. Ka2 Kg8 47.
Bb2 Bf6 48. g4 Bg7 49. Qd3 Qf2 50. Qe4 b6 51. Qe8+ Kh7 52. Qxf7 Qxc2 53. Qh5+
Kg8 54. Qe8+ Kh7 55. Qe4+ Qxe4 56. fxe4 Kg6 57. Kb1 Kg5 58. Bc1+ Kxg4 59. Kc2
Kh5 60. Kd3 Kg6 61. Bb2 Be5 62. Bxd4 Bc7 63. Kc4 Kf7 64. Kb5 Ke6 65. Bxb6 1-0

[Event "SportAccord Basque w 2014"]
[Site "Beijing CHN"]
[Date "2014.12.16"]
[Round "1.6"]
[White "Koneru, Humpy"]
[Black "Kosintseva, Tatiana"]
[Result "1-0"]
[WhiteTitle "GM"]
[BlackTitle "GM"]
[WhiteElo "2581"]
[BlackElo "2483"]
[WhiteFideId "5008123"]
[BlackFideId "4133471"]
[EventDate "2014.12.16"]

1. d4 Nf6 2. c4 e6 3. Nc3 Bb4 4. Qc2 O-O 5. Nf3 d5 6. a3 Bxc3+ 7. Qxc3 Ne4 8.
Qc2 b6 9. e3 c5 10. Be2 Bb7 11. dxc5 bxc5 12. O-O Nd7 13. b3 Rc8 14. Bb2 Qe7 15.
Rfd1 Rfd8 16. Rac1 Nb6 17. Nd2 Nxd2 18. Rxd2 dxc4 19. bxc4 Qg5 20. Bf1 Rxd2 21.
Qxd2 Rd8 22. Qa5 Ra8 23. Bd4 h6 24. Qxc5 Qxc5 25. Bxc5 Rc8 26. Bxb6 axb6 27. Rb1
Ba6 28. Rxb6 Bxc4 29. Bxc4 Rxc4 30. Rb8+ Kh7 31. Rb1 Ra4 32. Ra1 Kg6 33. Kf1 Kf5
34. Ke2 Ke5 35. Kd3 Kd5 36. Kc3 Kc5 37. Kb3 Kb5 38. Rd1 Ra7 39. Rd4 Rc7 40. Rb4+
Ka5 41. Rg4 g5 42. h4 f6 43. Rc4 Rb7+ 44. Kc2 Rb6 45. h5 f5 46. Rc8 f4 47. Rh8
fxe3 48. fxe3 e5 49. Re8 Rf6 50. Rxe5+ Ka4 51. Kd3 Kxa3 52. g4 Kb4 53. Rd5 Rf1
54. Ke4 Kc4 55. Rd6 Rg1 56. Kf5 Rg3 57. Rxh6 Rxe3 58. Rd6 Kc5 59. Rd1 Kc6 60.
Kxg5 Re5+ 61. Kf4 Ra5 62. h6 Ra2 63. g5 Rh2 64. Kf5 Rf2+ 65. Kg6 Kc7 1-0

[Event "SportAccord Basque w 2014"]
[Site "Beijing CHN"]
[Date "2014.12.16"]
[Round "1.7"]
[White "Ju, Wenjun"]
[Black "Gunina, Valentina"]
[Result "0-1"]
[WhiteTitle "GM"]
[BlackTitle "GM"]
[WhiteElo "2568"]
[BlackElo "2522"]
[WhiteFideId "8603006"]
[BlackFideId "4167570"]
[EventDate "2014.12.16"]

1. d4 d5 2. c4 c6 3. Nf3 Nf6 4. Qb3 e6 5. Nc3 Nbd7 6. Bg5 Be7 7. e3 O-O 8. Be2
a6 9. O-O dxc4 10. Qxc4 b5 11. Qxc6 Ra7 12. Bxf6 Nxf6 13. Ne4 Rc7 14. Nxf6+ Bxf6
15. Qe4 Bb7 16. Qd3 Qd5 17. Rfd1 Rfc8 18. Ne1 e5 19. a3 g6 20. Bf1 exd4 21. exd4
Rc4 22. Nf3 Qd6 23. Be2 Bd5 24. Ne5 Rc2 25. Bg4 R8c7 26. a4 Rxb2 27. axb5 axb5
28. Rab1 Rxb1 29. Rxb1 b4 30. Bf3 Ba2 31. Rd1 Bxe5 32. dxe5 Qxd3 33. Rxd3 b3 34.
h3 b2 35. Rd8+ Kg7 36. Be4 Rc1+ 37. Kh2 Re1 38. Rb8 Rxe4 39. Rxb2 Bd5 40. Rb5
Be6 41. Kg3 h5 42. f3 Re2 43. h4 Ra2 44. Rc5 Kf8 45. Kh2 Ke7 46. Kg3 Kd7 47. Kh2
Bf5 48. Kg3 Ke6 49. Rc7 Bd3 50. Rc1 Kxe5 51. Rd1 Kd4 52. Rc1 f6 53. Rd1 Ke3 54.
Re1+ Be2 55. Rb1 f5 56. Rb3+ Bd3 57. Rc3 f4+ 0-1

[Event "SportAccord Basque w 2014"]
[Site "Beijing CHN"]
[Date "2014.12.16"]
[Round "1.8"]
[White "Gunina, Valentina"]
[Black "Ju, Wenjun"]
[Result "1-0"]
[WhiteTitle "GM"]
[BlackTitle "GM"]
[WhiteElo "2522"]
[BlackElo "2568"]
[WhiteFideId "4167570"]
[BlackFideId "8603006"]
[EventDate "2014.12.16"]

1. d4 d5 2. c4 e6 3. Nc3 Nf6 4. Nf3 Be7 5. Bg5 O-O 6. e3 h6 7. Bh4 Ne4 8. Bxe7
Qxe7 9. Rc1 Nxc3 10. Rxc3 c6 11. Qc2 Nd7 12. cxd5 exd5 13. Bd3 Nf6 14. O-O Re8
15. Qb1 Ne4 16. Rcc1 Bf5 17. b4 Rac8 18. b5 Qa3 19. Qb3 Qxb3 20. axb3 cxb5 21.
Bxb5 Red8 22. Bd3 Ng3 23. hxg3 Bxd3 24. Rfe1 Bc2 25. b4 Rc7 26. b5 Rdc8 27. Ra1
Bd3 28. Rxa7 Bxb5 29. Ra5 Bc4 30. Rb1 b5 31. Ne5 Rd8 32. Rc1 f6 33. Nd3 Rcc8 34.
Nb4 Ra8 35. Rca1 Rxa5 36. Rxa5 Rd7 37. f3 Kf7 38. Kf2 h5 39. Ra8 Rc7 40. Rh8 Bb3
41. Rxh5 Ke6 42. e4 g6 43. Rh8 dxe4 44. fxe4 Rc4 45. Nd3 Bc2 46. Nc5+ Kd6 47.
Rd8+ Kc7 48. Ne6+ Kb6 49. Rd6+ Ka5 50. Nc5 b4 51. Ke3 b3 52. Nxb3+ Bxb3 53. Rxf6
g5 54. Rf5+ Kb4 55. Rxg5 Kc3 56. d5 Rd4 57. g4 Rd1 58. Re5 Bc4 59. g5 Re1+ 60.
Kf4 Kd4 61. Re6 Rf1+ 62. Kg3 Rf8 63. g6 Bd3 64. d6 Bxe4 65. d7 Rd8 66. Kf4 Bxg2
67. g7 Bd5 68. g8=Q 1-0

[Event "SportAccord Basque w 2014"]
[Site "Beijing CHN"]
[Date "2014.12.16"]
[Round "1.9"]
[White "Muzychuk, Mariya"]
[Black "Zhao, Xue"]
[Result "0-1"]
[WhiteTitle "IM"]
[BlackTitle "GM"]
[WhiteElo "2529"]
[BlackElo "2514"]
[WhiteFideId "14114550"]
[BlackFideId "8601283"]
[EventDate "2014.12.16"]

1. e4 Nf6 2. e5 Nd5 3. d4 d6 4. Nf3 c6 5. Be2 Bg4 6. O-O dxe5 7. Nxe5 Bxe2 8.
Qxe2 Nd7 9. c4 N5b6 10. Nc3 Nxe5 11. dxe5 Qd4 12. e6 Qxc4 13. exf7+ Qxf7 14. Re1
O-O-O 15. Be3 e5 16. Rad1 Bd6 17. a4 Bc7 18. a5 Nd5 19. Bxa7 Nxc3 20. Qg4+ Rd7
21. bxc3 Bxa5 22. Rxe5 Bc7 23. Ree1 Rd8 24. Rb1 Qf4 25. Qh3 g5 26. Rb4 g4 27.
Qh5 Qd2 28. Rf1 Qxc3 29. Qxg4 Qe5 30. g3 h5 31. Qh4 Qf5 32. Bb6 Rd1 33. Bxc7
Kxc7 34. Rf4 Rxf1+ 35. Kxf1 Rd1+ 36. Kg2 Qd5+ 37. Kh3 b5 38. Qe7+ Qd7+ 39. Qxd7+
Rxd7 40. Re4 Rd5 41. g4 c5 42. f4 hxg4+ 43. Kxg4 c4 44. f5 c3 45. Re1 Rd2 46. h4
c2 47. Rc1 b4 48. f6 b3 49. Kg3 b2 50. Rxc2+ Rxc2 0-1

[Event "SportAccord Basque w 2014"]
[Site "Beijing CHN"]
[Date "2014.12.16"]
[Round "1.10"]
[White "Zhao, Xue"]
[Black "Muzychuk, Mariya"]
[Result "1-0"]
[WhiteTitle "GM"]
[BlackTitle "IM"]
[WhiteElo "2514"]
[BlackElo "2529"]
[WhiteFideId "8601283"]
[BlackFideId "14114550"]
[EventDate "2014.12.16"]

1. Nf3 c5 2. c4 Nc6 3. Nc3 Nf6 4. g3 d5 5. cxd5 Nxd5 6. Bg2 g6 7. d3 Bg7 8. Bd2
O-O 9. Rc1 Nc7 10. h4 Nd4 11. h5 Bg4 12. hxg6 hxg6 13. Nxd4 cxd4 14. Ne4 Nd5 15.
Qb3 e6 16. Ng5 f6 17. Nf3 Bxf3 18. Bxf3 Rf7 19. Kf1 Rd7 20. g4 Rc8 21. Rc4 Rc6
22. Rxd4 Rb6 23. Qc2 f5 24. Rc4 Rxb2 25. Qc1 Nb6 26. Rc2 Rxc2 27. Qxc2 Nd5 28.
gxf5 gxf5 29. Qc4 Rc7 30. Qa4 b6 31. Rg1 Kf8 32. Qa3+ Qe7 33. Qb3 Qc5 34. Rg6
Kf7 35. Rg1 Nf6 36. Bf4 Rd7 37. Be3 Qe5 38. Qa4 Qd6 39. Qh4 Qe5 40. Qg5 Kf8 41.
Qg6 f4 42. Bd2 Nd5 43. Bxd5 exd5 44. Rg5 Qd6 45. Qxd6+ Rxd6 46. Bb4 1-0

[Event "SportAccord Basque w 2014"]
[Site "Beijing CHN"]
[Date "2014.12.16"]
[Round "1.11"]
[White "Paehtz, Elisabeth"]
[Black "Dzagnidze, Nana"]
[Result "0-1"]
[WhiteTitle "IM"]
[BlackTitle "GM"]
[WhiteElo "2485"]
[BlackElo "2570"]
[WhiteFideId "4641833"]
[BlackFideId "13601903"]
[EventDate "2014.12.16"]

1. e4 e6 2. d4 d5 3. Nd2 Nf6 4. e5 Nfd7 5. f4 c5 6. Ngf3 cxd4 7. Nxd4 Nc6 8.
N2f3 Nc5 9. c3 Bd7 10. Be2 Ne4 11. Be3 Bc5 12. O-O O-O 13. Bd3 f6 14. Kh1 Bxd4
15. cxd4 f5 16. a3 Qb6 17. Qe2 Rac8 18. Rg1 Na5 19. g4 Nc4 20. gxf5 exf5 21. Rg2
Qb3 22. Rag1 Rf7 23. Bc1 Re7 24. Ng5 Rc6 25. Bc2 Qb6 26. Ba4 Qxd4 27. Bxc6 Bxc6
28. b3 Nxg5 29. Rxg5 Nd6 30. Bb2 Qxf4 31. Rxg7+ Rxg7 32. Rxg7+ Kxg7 33. exd6+
d4+ 34. Kg1 Qxd6 35. Qf2 Qg6+ 36. Kf1 Kf7 37. Bxd4 Bb5+ 38. Ke1 Qe6+ 39. Kd2 Qd5
40. Kc3 b6 41. a4 Bd7 42. Qh4 Qc6+ 43. Kb2 Qg6 44. Qd8 Qd6 45. Qh8 Qxh2+ 46. Ka1
Qh1+ 47. Ka2 Qh2+ 48. Bb2 Qh6 49. Qd8 Qe6 50. Qh8 Qg6 51. Qd8 Qc6 52. Qh8 Qh6
53. Qd8 Qe6 54. Qh8 Kg6 55. Qg7+ Kh5 56. Qxh7+ Kg4 57. Qg7+ Kf3 58. Qc3+ Qe3 59.
Qh8 Be6 60. Qh1+ Kg3 61. Qd1 f4 62. Bc1 Qf2+ 63. Ka3 Qc5+ 64. Ka2 f3 65. Ba3 Qd5
66. Qg1+ Kh3 67. Qh1+ Kg4 68. Qg1+ Kh5 69. Qh2+ Kg4 70. Qg1+ Kf5 71. Qe3 Qxb3+ 0-1

[Event "SportAccord Basque w 2014"]
[Site "Beijing CHN"]
[Date "2014.12.16"]
[Round "1.12"]
[White "Dzagnidze, Nana"]
[Black "Paehtz, Elisabeth"]
[Result "1-0"]
[WhiteTitle "GM"]
[BlackTitle "IM"]
[WhiteElo "2570"]
[BlackElo "2485"]
[WhiteFideId "13601903"]
[BlackFideId "4641833"]
[EventDate "2014.12.16"]

1. d4 e6 2. Nf3 c5 3. g3 Qa5+ 4. Nc3 Nf6 5. Bg2 d5 6. O-O Nc6 7. a3 cxd4 8. Nxd4
Nxd4 9. Qxd4 Bc5 10. Qe5 O-O 11. b4 Bxb4 12. axb4 Qxa1 13. Bh6 Qb2 14. Bxg7 Nd7
15. Qg5 Qxc2 16. Be4 1-0

[Event "SportAccord Basque w 2014"]
[Site "Beijing CHN"]
[Date "2014.12.16"]
[Round "1.13"]
[White "Cramling, Pia"]
[Black "Harika, Dronavalli"]
[Result "1-0"]
[WhiteTitle "GM"]
[BlackTitle "GM"]
[WhiteElo "2518"]
[BlackElo "2505"]
[WhiteFideId "1700030"]
[BlackFideId "5015197"]
[EventDate "2014.12.16"]

1. d4 Nf6 2. Nf3 d6 3. c4 g6 4. Nc3 Bf5 5. Bg5 Bg7 6. e3 O-O 7. Bd3 Bxd3 8. Qxd3
Nbd7 9. O-O h6 10. Bh4 c6 11. h3 Re8 12. Rfd1 a6 13. b4 b6 14. Rab1 Qc7 15. Bg3
Qb7 16. a3 Rad8 17. Qc2 b5 18. c5 d5 19. a4 e6 20. axb5 axb5 21. Ra1 Ra8 22. Qb2
Rxa1 23. Rxa1 Ra8 24. Ra2 Ne4 25. Nxe4 dxe4 26. Nd2 f5 27. Qa1 Rxa2 28. Qxa2 Kf7
29. f3 Nf6 30. fxe4 Nxe4 31. Nxe4 fxe4 32. Qc2 Qd7 33. Qxe4 Qd5 34. Qf3+ Kg8 35.
Kh2 Qd7 36. Qe4 Kh7 37. Bd6 h5 38. g4 hxg4 39. hxg4 Bf6 40. Kg3 Qe8 41. Be5
Bxe5+ 42. Qxe5 Qf7 43. Qd6 Qf1 44. Qxc6 Qg1+ 45. Kf4 Qh2+ 46. Kg5 Qh6+ 47. Kf6
g5+ 48. Ke7 Qg7+ 49. Kd6 Qf8+ 50. Kc7 Qf6 51. Qe4+ Kg8 52. Qe5 Qe7+ 53. Kb6 Qd8+
54. Kxb5 Qe7 55. c6 Qe8 56. d5 1-0

[Event "SportAccord Basque w 2014"]
[Site "Beijing CHN"]
[Date "2014.12.16"]
[Round "2.1"]
[White "Gunina, Valentina"]
[Black "Zhao, Xue"]
[Result "1/2-1/2"]
[WhiteTitle "GM"]
[BlackTitle "GM"]
[WhiteElo "2522"]
[BlackElo "2514"]
[WhiteFideId "4167570"]
[BlackFideId "8601283"]
[EventDate "2014.12.16"]

1. d4 Nf6 2. c4 e6 3. Nf3 Bb4+ 4. Bd2 a5 5. g3 d6 6. Bg2 Nbd7 7. O-O e5 8. dxe5
dxe5 9. Qc2 O-O 10. Nc3 Re8 11. Rad1 h6 12. Nh4 c6 13. Nf5 Bf8 14. Bc1 Qc7 15.
b3 Nc5 16. Bb2 Be6 17. h3 Rad8 18. Ne3 h5 19. Nb1 Qc8 20. Kh2 Qc7 21. Nd2 Nh7
22. Nf3 f6 23. Nh4 Bf7 24. Ng6 Bd6 25. Nh4 Ng5 26. a3 Qb6 27. Nef5 Bf8 28. Rxd8
Rxd8 29. f4 exf4 30. gxf4 Nge6 31. Rf3 Qc7 32. Rg3 Kh8 33. Nh6 Nxf4 34. Qf5 Nxe2
35. Nxf7+ Qxf7 36. Ng6+ Kg8 37. Qxh5 Qc7 38. Be5 fxe5 39. Qxe2 e4 40. Nxf8 Rd3
41. Qg4 Kxf8 42. b4 axb4 43. axb4 Rxg3 44. Qxg3 Qxg3+ 45. Kxg3 Nd3 46. b5 e3 47.
Bf1 Nb4 48. bxc6 bxc6 49. Kf3 Ke7 50. Kxe3 c5 51. Ke4 Kf6 52. Be2 Kg5 53. Ke5
Kh6 54. Kd6 Nc2 55. Kxc5 Ne3 56. Kd4 Nxc4 57. Bxc4 1/2-1/2

[Event "SportAccord Basque w 2014"]
[Site "Beijing CHN"]
[Date "2014.12.16"]
[Round "2.2"]
[White "Zhao, Xue"]
[Black "Gunina, Valentina"]
[Result "1-0"]
[WhiteTitle "GM"]
[BlackTitle "GM"]
[WhiteElo "2514"]
[BlackElo "2522"]
[WhiteFideId "8601283"]
[BlackFideId "4167570"]
[EventDate "2014.12.16"]

1. d4 Nf6 2. c4 e6 3. Nf3 Bb4+ 4. Nbd2 O-O 5. a3 Be7 6. e3 c5 7. Be2 b6 8. O-O
Bb7 9. b3 d6 10. Bb2 Nbd7 11. Rc1 Re8 12. Bd3 Nf8 13. Bb1 Ng6 14. Re1 Qc7 15.
Qe2 Rad8 16. Ng5 Qb8 17. b4 Qa8 18. Ngf3 cxd4 19. exd4 Nf4 20. Qe3 e5 21. dxe5
dxe5 22. Bxe5 Nxg2 23. Kxg2 Bd6 24. Kg1 Bxe5 25. Nxe5 Rxe5 26. Qxe5 Rxd2 27.
Rcd1 Bh1 28. Qg3 Nh5 29. Qh3 Rxd1 30. Rxd1 g6 31. Rd4 Kg7 32. Bd3 Bf3 33. Bf1
Qc6 34. Rd3 Be4 35. Re3 Bf5 36. Qh4 Qd6 37. Qe7 Qd1 38. Qe5+ Kh6 39. h3 f6 40.
Qc3 g5 41. Rf3 Kg6 42. Qe3 Nf4 43. Rxf4 gxf4 44. Qxf4 Qd7 45. Kh2 Kg7 46. Bg2
Qc8 47. h4 Bg6 48. Bf3 Bf7 49. Be2 h5 50. Qg3+ Kf8 51. Qd6+ Kg7 52. c5 bxc5 53.
bxc5 Qf5 54. Qg3+ Kf8 55. c6 Qc5 56. Bf3 Be8 57. c7 Bd7 58. Kg2 Kf7 59. Bb7 Bc6+
60. Bxc6 Qxc6+ 61. Kg1 Qc1+ 62. Kh2 Qc2 63. a4 a5 64. Kg2 Qc6+ 65. Kh2 Qc2 66.
Kh3 Qf5+ 67. Kg2 Qc2 68. Qd6 Qe4+ 69. Kf1 Qb1+ 70. Ke2 Qc2+ 71. Ke3 Qc3+ 72. Ke2
Qc2+ 73. Kf3 Qf5+ 74. Ke3 Qc8 75. Kd4 Qg4+ 76. Kc3 Qh3+ 77. Kc4 Qg4+ 78. Kb5
Qf5+ 79. Ka6 Qc8+ 80. Kb6 Qf5 81. Kb7 Qe4+ 82. Qc6 Qe7 83. Ka8 1-0

[Event "SportAccord Basque w 2014"]
[Site "Beijing CHN"]
[Date "2014.12.16"]
[Round "2.5"]
[White "Stefanova, Antoaneta"]
[Black "Hou, Yifan"]
[Result "0-1"]
[WhiteTitle "GM"]
[BlackTitle "GM"]
[WhiteElo "2517"]
[BlackElo "2673"]
[WhiteFideId "2902257"]
[BlackFideId "8602980"]
[EventDate "2014.12.16"]

1. d4 e6 2. Nf3 Nf6 3. e3 b6 4. Bd3 Bb7 5. O-O d5 6. b3 Bd6 7. Ne5 O-O 8. Nd2 c5
9. Bb2 Nc6 10. f4 Rc8 11. a3 Ne7 12. Qf3 b5 13. dxc5 Bxc5 14. Qh3 Nf5 15. Kh1
Ne4 16. Nxe4 dxe4 17. Bxb5 Nxe3 18. Nd7 Nxf1 19. Qg4 f6 20. Qxe6+ Kh8 21. Nxf8
Bxf8 22. Rxf1 Rxc2 23. Bc4 Bc5 24. b4 Bb6 25. Rb1 Rxb2 0-1

[Event "SportAccord Basque w 2014"]
[Site "Beijing CHN"]
[Date "2014.12.16"]
[Round "2.6"]
[White "Hou, Yifan"]
[Black "Stefanova, Antoaneta"]
[Result "1/2-1/2"]
[WhiteTitle "GM"]
[BlackTitle "GM"]
[WhiteElo "2673"]
[BlackElo "2517"]
[WhiteFideId "8602980"]
[BlackFideId "2902257"]
[EventDate "2014.12.16"]

1. e4 e5 2. Nf3 Nc6 3. Bc4 Bc5 4. O-O Nf6 5. d3 O-O 6. Bb3 d6 7. c3 h6 8. h3 a6
9. Re1 Re8 10. Nbd2 Be6 11. Nf1 d5 12. Qe2 Qd7 13. Bc2 b5 14. Nh4 Rad8 15. Qf3
Nh7 16. Qg3 Kh8 17. Ne3 d4 18. Nef5 g5 19. cxd4 Bxd4 20. Bb3 Rg8 21. Nf3 Bxf5
22. exf5 Qxf5 23. Nxd4 Rxd4 24. Be3 Rd6 25. Rac1 Rc8 26. Rc5 f6 27. Bd5 Rxd5 28.
Rxd5 Nb4 29. Rc5 Nxd3 30. Rec1 Nxc1 31. Rxc1 Nf8 32. Rc6 a5 33. Qg4 Qxg4 34.
hxg4 Nd7 35. Bd2 a4 36. Ba5 Kg7 37. a3 Kf7 38. Bxc7 Nf8 39. Rc3 Ne6 40. Bxe5 Rd8
41. Rf3 Rd1+ 42. Kh2 Nf4 43. Bxf4 gxf4 44. Rxf4 Rd2 45. Rb4 Rxf2 46. Rxb5 Kg6
47. Kg3 Rc2 48. Kf3 Rd2 49. Rb4 Kg5 50. g3 Rd3+ 51. Kf2 Rd2+ 52. Ke3 Rg2 53. Kf3
Rd2 54. Rb5+ Kg6 55. Ke4 Rg2 56. Kf4 Rf2+ 57. Ke3 Rg2 58. Rb4 Kg5 59. Kf3 Rd2
60. Rxa4 Rxb2 61. Ra5+ Kg6 62. a4 Rb3+ 63. Ke4 Rxg3 64. Kf4 Rb3 65. Rb5 Ra3 66.
Rb4 Ra1 67. Ke4 Kg5 68. Kd5 f5 69. gxf5 Kxf5 70. Kc6 h5 71. Kb6 Kg5 72. a5 h4
73. Rxh4 1/2-1/2

[Event "SportAccord Basque w 2014"]
[Site "Beijing CHN"]
[Date "2014.12.16"]
[Round "2.7"]
[White "Ushenina, Anna"]
[Black "Kosintseva, Tatiana"]
[Result "0-1"]
[WhiteTitle "GM"]
[BlackTitle "GM"]
[WhiteElo "2494"]
[BlackElo "2483"]
[WhiteFideId "14110911"]
[BlackFideId "4133471"]
[EventDate "2014.12.16"]

1. d4 Nf6 2. Nf3 e6 3. e3 b6 4. Bd3 Bb7 5. O-O d5 6. c4 Be7 7. cxd5 exd5 8. Qa4+
c6 9. Nc3 O-O 10. e4 dxe4 11. Nxe4 c5 12. Qc2 Nxe4 13. Bxe4 Bxe4 14. Qxe4 Nd7
15. Rd1 c4 16. d5 Rc8 17. Be3 Bf6 18. Rac1 b5 19. b3 c3 20. Qb4 c2 21. Rd2 Bc3
22. Qxb5 Bxd2 23. Nxd2 Nf6 24. Qe2 Nxd5 25. Nc4 Nxe3 26. fxe3 Qd5 27. Qxc2 Rfe8
28. Rd1 Qc5 29. Qd3 h6 30. h3 Rc6 31. Qd7 Rce6 32. Rf1 Qe7 33. Qd4 Rd8 34. Qc3
Qc5 35. Kh1 Qd5 36. Qc2 Qd3 37. Qc1 Qe4 38. Qb2 Rg6 39. Ne5 Rg3 40. Nxf7 Rxh3+
41. Kg1 Qxe3+ 42. Qf2 Qxf2+ 43. Kxf2 Rd2+ 44. Ke1 Rxg2 45. Nd6 Re3+ 46. Kd1 Rd3+ 0-1

[Event "SportAccord Basque w 2014"]
[Site "Beijing CHN"]
[Date "2014.12.16"]
[Round "2.8"]
[White "Kosintseva, Tatiana"]
[Black "Ushenina, Anna"]
[Result "1-0"]
[WhiteTitle "GM"]
[BlackTitle "GM"]
[WhiteElo "2483"]
[BlackElo "2494"]
[WhiteFideId "4133471"]
[BlackFideId "14110911"]
[EventDate "2014.12.16"]

1. e4 c5 2. Nf3 d6 3. Bb5+ Nd7 4. O-O a6 5. Bxd7+ Bxd7 6. d4 cxd4 7. Qxd4 e5 8.
Qd3 Rc8 9. c4 b5 10. Na3 Qb6 11. cxb5 axb5 12. Bd2 Be7 13. Rac1 Rxc1 14. Rxc1
Nf6 15. Bb4 Bc6 16. Bxd6 Nxe4 17. Bxe7 Kxe7 18. Nxe5 Qxf2+ 19. Kh1 Qb6 20. Nxc6+
Qxc6 21. Re1 f5 22. Nxb5 Kf6 23. Rf1 Re8 24. Nc3 h6 25. Nxe4+ Rxe4 26. h3 Qe6
27. a3 Kg6 28. Qg3+ Kh7 29. Qf3 Re5 30. a4 Qc4 31. Qf4 Qe2 32. b4 Rd5 33. b5 Qb2
34. Qc1 Qb4 35. Qc2 Rc5 36. Qb1 Qd2 37. b6 Rc2 38. Rg1 f4 39. b7 f3 40. b8=Q
fxg2+ 41. Kh2 Qd3 42. Qg3 Qf5 43. Qxc2 Qxc2 44. Rxg2 1-0